00446 2200169 4500245007900000020002200079250001100101100002200112650001500134650001200149005001900161260003700180041001400217084001000231300002600241336000900267 aMengenal Lingkungan b : Air , Tanah , dan UdaracAdrian R. NugrahahText a978-602-221-049-8 aCet. 1 aAdrian R. Nugraha aLingkungan aAbiotik a20230228102944 aJakartabGading Inti Primac2013 aIndonesia a333.9 aiv, 104 hlm. :cilus. atext